[Event "29th Czech Open-Rapid 2018"]
[Site "Pardubice"]
[Date "2018.07.18"]
[Round "1"]
[White "Brejnik, Gustav"]
[Black "Grekh, Andrey"]
[Result "1/2-1/2"]
[WhiteElo "2134"]
[BlackElo "2400"]
[Annotator "TA"]
[PlyCount "121"]
[EventDate "2018.07.18"]
[EventType "swiss"]
[EventCountry "CZE"]
[SourceTitle "playchess.com"]
[Source "ChessBase"]
[SourceQuality "1"]

{[%evp 25,121,6,35,-5,0,-8,-9,-4,0,-28,-3,-16,0,-40,-30,-35,-42,-44,-18,-29,-27,-20,-20,-13,-22,-82,-56,-64,-27,-100,-34,-34,-33,-34,-34,-33,-34,-33,0,-36,-26,-30,-21,-25,-24,-42,-14,-16,-14,-48,-9,-3,0,-10,-6,-44,-10,-62,0,0,-3,-31,0,0,0,0,0,-74,-75,-69,-78,-310,-264,-428,-405,-1359,-8,-8,-8,-8,-8,-8,-8,-8,-8,-8,-8,-8,-8,-8,-8,-8,0,0,0,0,0,0]} 1. d4 Nf6 2. c4 e6 3. g3 d5 4. Nf3 Be7 5. Bg2 O-O 6. O-O dxc4 7. Qc2 a6 8. a4 Bd7 9. Ne5 Bc6 10. Nxc6 Nxc6 11. e3 Na5 12. Nd2 c5 13. dxc5 {E05: Katalanisch} Qc7 {LiveBook: 6 Partien} (13... Rc8 14. b4 cxb3 15. Nxb3 Nxb3 16. Qxb3 Nd7 17. Ba3 Nxc5 18. Bxc5 Rxc5 19. Qxb7 a5 20. Rfd1 Qc7 21. Rab1 Rd8 22. Qxc7 Rxd1+ 23. Rxd1 Rxc7 24. Bf1 g6 25. Bb5 Kg7 26. Rd7 Rxd7 27. Bxd7 {½-½ (27) Meier,G (2632)-Leko,P (2737) Dortmund 2014}) 14. c6 Nxc6 15. Qxc4 Rac8 16. Nf3 $146 ({Vorgänger:} 16. Nb3 Rfd8 17. Bd2 Qb8 18. Qe2 Nd5 19. Rfd1 Bf6 20. Be1 Nde7 {1-0 (34) Vichnar,D (2329)-Jelinek,M (2196) Prague 2015}) 16... Qb6 17. Qe2 Na5 18. Nd4 Bc5 19. Bd2 (19. b4 $5 Bxb4 20. Rb1 $15) 19... Bxd4 20. Bxa5 Qxa5 (20... Qxb2 $6 21. Qxb2 Bxb2 22. Rab1 $14) 21. exd4 Nd5 22. Qe5 Rfd8 23. Rac1 Rxc1 24. Rxc1 Qd2 ({Natürlich nicht} 24... Qxa4 $6 25. Bxd5 exd5 26. Qxd5 $1 $14 {[%mdl 512]}) 25. Re1 (25. Rc4 $11) 25... g6 26. b3 Nb4 (26... b5 {with more complications.} 27. h4 bxa4 28. bxa4 Nb4 29. Rb1 Qxd4 30. Qxd4 Rxd4 31. a5 Kg7) 27. Rf1 (27. Qe3 $11 {bleibt in der Remisbreite.} Qb2 28. Rc1) 27... Qxd4 (27... b6 $17 28. Bf3 Qxd4 29. Qxd4 Rxd4) 28. Qxd4 $15 Rxd4 29. Bxb7 $17 {[%mdl 4096] Endspiel KTL-KTS} Rd3 30. Rb1 a5 31. Bg2 Kf8 32. Bf1 Rc3 33. Bc4 Ke7 34. Rd1 Rc2 35. Kg2 h5 36. h4 Nc6 37. Re1 Kd6 38. Rd1+ Kc7 39. Re1 Kb6 40. Kg1 Kc5 41. Re4 (41. Re3 $11) 41... Nd4 ({Lieber} 41... Rc3 $15) 42. Re5+ $11 Kb4 43. Re4 Nf3+ 44. Kg2 Nd2 45. Re2 {Schwarz sollte Lb5 verhindern.} Rb2 46. Re5 (46. Bb5 $11) 46... Nxb3 $17 ({Bitte nicht} 46... Nxc4 $6 47. Rb5+ Ka3 48. bxc4 $11) 47. Bb5 Nc5 48. Be8 $2 {[#]} (48. Re1 $17) 48... Rxf2+ $1 $19 {[%mdl 512]} 49. Kg1 $2 (49. Kxf2 Nd3+ 50. Ke3 Nxe5 51. Kd4) 49... Rf5 50. Rxf5 (50. Re1 $142 g5 51. Rb1+ Kc4 52. Rb5) 50... exf5 $2 ({Günstiger ist} 50... gxf5 $19 51. g4 fxg4 52. Bxf7 Kxa4 53. Bxh5 Kb4) 51. Bxf7 $11 {Die Stellung ist ausgeglichen.} Kxa4 52. Bxg6 $19 {KL-KS} Kb4 53. Bxf5 a4 (53... Kc3 $5 54. g4 $8 a4 55. gxh5 a3 $11) 54. g4 a3 {Droht stark ...a2.} 55. Bb1 hxg4 56. h5 {zielt auf h6 ab.} Nd7 57. h6 $132 {[%mdl 2048] Weiss is not keeping still} Nf6 {...Kc3 ist eine echte Drohung.} 58. Kg2 Kb3 59. h7 Nxh7 $1 60. Bxh7 a2 (60... Kc3 $5 61. Bg8 $8 Kd4 $11) 61. Bg8+ {Precision: Weiß = 40%, Schwarz = 44%.} 1/2-1/2

[Event "29th Czech Open-Rapid 2018"]
[Site "Pardubice"]
[Date "2018.07.18"]
[Round "1"]
[White "Buchcar, Tomas"]
[Black "Gukesh D"]
[Result "1/2-1/2"]
[WhiteElo "2133"]
[BlackElo "2433"]
[Annotator "TA"]
[PlyCount "151"]
[EventDate "2018.07.18"]
[EventType "swiss"]
[EventCountry "CZE"]
[SourceTitle "playchess.com"]
[Source "ChessBase"]
[SourceQuality "1"]

{[%evp 15,151,6,7,-15,-15,-19,-1,-17,-6,-22,29,21,18,-10,9,17,48,38,53,49,65,16,35,16,97,-16,29,26,34,-37,-29,-16,-27,-21,0,0,0,0,0,0,-14,-44,0,-163,-168,-168,-153,-234,-77,-69,-65,-70,-64,-70,-41,-48,-50,-57,-55,-64,-57,-96,0,-41,-40,-104,-108,-138,-143,-129,-25,-25,-21,-26,-26,-20,-4,-15,-4,-4,0,0,0,0,0,0,20,-8,-4,-10,0,-3,0,-8,-9,-9,-8,-95,54,48,58,0,0,0,59,50,70,70,61,32,202,0,0,0,0,0,0,0,0,0,0,0,15,15,15,15,22,22,22,22,22,22,22,22,22,22,22,22]} 1. c4 e5 2. Nc3 Nc6 3. g3 d6 4. Bg2 Be6 5. d3 Qd7 6. a3 g6 {A25: Englische Eröffnung (Sizilianisch im Anzug)} 7. b4 Bg7 8. Bb2 Nge7 {LiveBook: 3 Partien} 9. Ne4 $146 ({Vorgänger:} 9. h4 h6 10. b5 Nd8 {½-½ (21) Pierzak,R (2501)-Kozlowski,W (2436) ICCF email 2016}) 9... h6 10. e3 f5 11. Nd2 O-O 12. Ne2 g5 (12... d5 $142) 13. b5 Nd8 $1 {[%cal Bc6d8,Bd8e6,Be6g5][%mdl 32]} 14. f4 Ng6 15. O-O Rb8 16. Rb1 Bf7 17. Qc2 Ne6 18. Nb3 c6 19. a4 Rbc8 (19... gxf4 $11 20. exf4 Ne7) 20. Rbd1 (20. e4 $16) 20... cxb5 21. axb5 Qxb5 22. fxg5 ({Lieber} 22. fxe5 $14 Nxe5 23. Ned4 Nxd4 24. Nxd4 (24. cxb5 $2 {verliert.} Nxc2 25. Nd4 Nxe3 $19)) 22... Nxg5 $15 23. Rxf5 (23. cxb5 $2 {zu gefräßig.} Rxc2 24. Rd2 Bxb3 $19) 23... Qb6 24. Bc1 Be6 25. Rxf8+ Rxf8 26. Rf1 Nh3+ 27. Bxh3 Bxh3 {[%csl Gh3][%cal Rf8f1]} 28. Rf2 Qc6 29. e4 $2 (29. Nc3 $11 {und Weiss ist OK.}) 29... Qb6 $19 30. c5 dxc5 31. Nxc5 (31. Be3 $17 {kämpft weiter.}) 31... Rc8 $2 (31... Rxf2 $19 32. Kxf2 Qf6+ 33. Ke1 Qf1+ 34. Kd2 Qf2) 32. Be3 $17 Qa5 {( -> ...De1+)} 33. Qc3 $1 {[%cal Rc3a5]} Qxc3 34. Nxc3 Bf8 35. N5a4 Bd7 36. Rb2 $1 {[%cal Rb2b7]} ({Aber nicht} 36. Bxa7 $2 Bxa4 37. Nxa4 Ra8 $19) 36... b6 37. Rb1 Ne7 38. Ra1 Bh3 (38... Bxa4 $17 39. Nxa4 Rc2) 39. Nd1 Nc6 40. Nf2 (40. Nac3 $15) 40... Be6 41. Nc3 Nb4 $1 {[%cal Rb4c2]} 42. Ncd1 Nc2 (42... Rc7 $17 {Droht ...Td7.} 43. Rb1 Nc2) 43. Rxa7 $11 Nxe3 44. Nxe3 Bc5 45. Nfd1 $1 Rd8 46. Kf2 Rxd3 47. Ke2 $132 {[%mdl 2048] Weiss has counterplay} Rd4 48. Nc3 Rb4 49. Ncd5 Rb2+ 50. Kd3 Rxh2 51. g4 Rh3 52. Kd2 Rh2+ 53. Kd3 Rf2 54. Ne7+ Kf7 55. N7f5+ Kf6 {[#] Weiss sollte ...Kg5 verhindern.} 56. Rh7 {[#]} (56. g5+ $1 $11 {[%mdl 512] war der einzige Weg, das Gleichgewicht zu behalten.} Kxg5 57. Rg7+ Kh5 58. Ng3+ Kh4 59. Ngf5+ Bxf5 60. Nxf5+ Kh3 61. Nxh6) 56... Bc8 (56... Kg5 $1 $17 {Und weiter mit ...Th2 wäre nett.} 57. Rg7+ Kf4) 57. Nd5+ $14 Ke6 58. Nc7+ (58. Rxh6+ $14 Kf7 59. Rf6+ Ke8 60. Nd6+ Kd7 61. Nxc8 Kxc8 62. Nxb6+ Bxb6 63. Rxb6) 58... Kf6 $11 59. Nd5+ ({Besser ist} 59. Rg7 $11) 59... Ke6 $14 60. Rxh6+ Kf7 61. Rf6+ Ke8 62. Ng7+ Kd8 $2 {[#]} (62... Kd7 $1 $14 63. Nxb6+ Bxb6 64. Rxb6 Rf4) 63. Ne6+ $2 (63. Rxf2 $1 $18 Ba6+ 64. Kd2 Bxf2 65. g5) 63... Bxe6 $1 $11 {Die Stellung ist ausgeglichen.} 64. Rxe6 {[%mdl 4096] Endspiel KTL-KTS} Rg2 65. Nf6 Be7 66. Rxb6 (66. Ng8 {is interesting.} Bg5 67. Rxe5 Rxg4 68. Re6 b5 69. Nf6) 66... Bxf6 67. Rxf6 Rxg4 {KT-KT} 68. Rf5 Rg6 69. Rxe5 Kd7 70. Ra5 Ke7 71. Ra7+ Ke8 72. Kd4 Rh6 73. Kd5 Rg6 74. e5 Rh6 75. Rg7 $1 Ra6 76. Rh7 {Precision: Weiß = 41%, Schwarz = 42%.} 1/2-1/2

[Event "29th Czech Open-Rapid 2018"]
[Site "Pardubice"]
[Date "2018.07.18"]
[Round "1"]
[White "Valenta, Vit Sr"]
[Black "Potapov, Pavel"]
[Result "0-1"]
[WhiteElo "2127"]
[BlackElo "2500"]
[Annotator "TA"]
[PlyCount "121"]
[EventDate "2018.07.18"]
[EventType "swiss"]
[EventCountry "CZE"]
[SourceTitle "playchess.com"]
[Source "ChessBase"]
[SourceQuality "1"]

{[%evp 16,121,19,21,31,29,22,16,10,14,28,0,-3,0,-3,-40,18,8,68,79,135,41,110,19,101,71,64,0,18,0,19,19,17,14,18,16,25,35,89,7,4,8,12,0,0,0,0,0,14,0,32,0,0,0,0,-110,-113,-91,-89,-21,81,-24,0,-151,-4,-4,-6,-8,0,0,0,-8,-8,-8,-8,-8,0,-8,8,8,28,27,47,24,24,23,44,32,20,21,20,21,29,0,0,0,0,-77,-77,-5920,-4238,-29982,-29983,-29983,-29976,-29987,-29984,-29984]} 1. b4 e5 2. Bb2 d6 3. g3 f5 4. Bg2 Nf6 5. d3 g6 $146 ({Predecessor:} 5... Be7 6. Nf3 O-O 7. O-O Kh8 8. c4 Qe8 9. Nc3 c6 10. e4 Na6 11. a3 fxe4 12. dxe4 {½-½ (64) Valenta,V (2132)-Marjanovic,D (2373) Tromsoe 2014}) 6. Nd2 {A00: Irregular Openings} Bg7 7. Ngf3 O-O 8. O-O h6 9. c4 {LiveBook: 4 Games} Nc6 10. b5 Ne7 11. e3 Be6 12. a4 g5 13. d4 e4 14. Ne1 {[%cal Bf3e1,Be1c2,Bc2b4][%mdl 32]} d5 15. cxd5 Bxd5 ({But not} 15... Qxd5 $6 16. f3 $14) ({Black should try} 15... Nexd5 $15 16. Nc2 a6) 16. Nc2 $11 Ng6 ({Black should play} 16... Rc8 $11) 17. Nb4 $14 Bf7 (17... c6 $142) 18. Rc1 (18. f3 $1 $16) 18... Re8 {[#]} (18... g4 $14) 19. Nc4 (19. f3 $1 $16) 19... f4 (19... Bf8 $11 {keeps the balance.} 20. Qd2 Qe7) 20. exf4 gxf4 21. Ne5 Qe7 $1 {[%cal Re7b4]} 22. Qe1 f3 23. Bh3 {Black must now prevent Bf5.} Nxe5 24. dxe5 Nd5 25. Nxd5 Bxd5 26. Qe3 c6 (26... a6 $14) 27. Rfd1 (27. bxc6 $16 {Threatens to win with c7.} bxc6 28. Bf5) 27... Qg5 $11 28. Qxg5 hxg5 29. bxc6 bxc6 30. Bd7 Red8 31. Bf5 Rf8 32. Bg4 Rae8 33. Bd7 {Ba3 is the strong threat.} Rd8 $36 {[%mdl 2048] Black has the initiative.} 34. Bg4 Rfe8 35. Bd4 (35. Bh5 $11) 35... Bb3 $17 ({Much worse is} 35... Bxe5 $6 36. Bxa7 Ra8 37. Be3 $11) 36. Rd2 Bxe5 37. Be3 {next Bd7 is good for White.} Bxa4 {[#]} (37... Rxd2 $11 38. Bxd2 Bf6) 38. Ra2 (38. Bd7 $1 $16) 38... Bb5 39. Rxa7 $2 (39. Bxg5 $11 Rd5 40. Bh5) 39... Bf6 ({Better is} 39... Bd4 $17 {Hoping for ...Bxe3.} 40. Bxd4 Rxd4) 40. Rd7 $11 Rxd7 41. Bxd7 Rd8 42. Bf5 Re8 43. Bd7 Ra8 44. h3 Ra6 45. Bf5 Bd3 46. Bc8 Ra5 (46... Ra4 {is interesting.} 47. Bf5 Bd4 48. Bxd4 Rxd4 49. h4 gxh4 50. gxh4 Kf7) 47. Rxc6 Bb2 48. Kh2 Kf7 49. Be6+ Ke7 50. Bg4 Bf6 51. Rc7+ Kd6 52. Rd7+ Kc6 53. Rf7 Bd8 54. Rd7 Bb6 55. Bxb6 Kxb6 {[%mdl 4096] Endgame KRB-KRB} 56. h4 (56. Bxf3 $11 {remains equal.} Bb5 57. Rd6+ Kc5 58. Rg6 exf3 59. Rxg5+ Kc4 60. g4) 56... Ra2 $17 57. hxg5 $2 {[%mdl 8192]} (57. Kg1 $17) 57... Rxf2+ 58. Kg1 Rg2+ {Black mates.} 59. Kh1 Rxg3 60. Bh5 f2 61. Rf7 {Precision: White = 38%, Black = 34%.} 0-1

[Event "29th Czech Open-Rapid 2018"]
[Site "Pardubice"]
[Date "2018.07.18"]
[Round "1"]
[White "Pein, Jonathan"]
[Black "Deepan Chakkravarthy J"]
[Result "0-1"]
[WhiteElo "2106"]
[BlackElo "2519"]
[Annotator "TA"]
[PlyCount "68"]
[EventDate "2018.07.18"]
[EventType "swiss"]
[EventCountry "CZE"]
[SourceTitle "playchess.com"]
[Source "ChessBase"]
[SourceQuality "1"]

{[%evp 10,68,0,-13,42,16,50,27,25,24,69,-43,-42,-48,-37,-57,-56,-72,-72,-72,-72,-73,-72,-72,-72,-72,-72,-76,-57,-64,-48,-80,-93,-121,-118,-266,-273,-338,-338,-337,-332,-338,-338,-400,-400,-400,-400,-448,-437,-506,-499,-738,-717,-761,-745,-896,-877,-29972,-29976,-29976,-29977]} 1. Nf3 Nc6 2. e4 e5 3. Nc3 Nf6 4. d4 exd4 5. Nd5 Bc5 6. Bg5 {LiveBook: 3 Games. C47: Scotch Four Knights and Four Knights with 4 g3} (6. Bc4 h6 7. O-O d6 8. a3 a5 9. Ba2 O-O 10. Re1 Re8 11. h3 Nxd5 12. Bxd5 Qf6 13. Kh1 Ne5 14. Nxd4 {0-1 (38) Antoli Royo,J (2450)-Beliavsky,A (2618) Hoogeveen 2014}) 6... d6 (6... Be7 $1 $11) 7. a3 $146 ({Predecessor:} 7. Bb5 O-O 8. O-O Bg4 9. Qc1 Be6 10. Bxf6 gxf6 11. Qh6 Bxd5 12. exd5 Ne5 13. Rae1 Kh8 14. Rxe5 dxe5 {1-0 (14) Picard,R (2244)-Koulitchenko,A (2185) Aix les Bains 2003}) 7... Be6 8. b4 {White is slightly better.} Bb6 $1 9. Bb5 O-O 10. Nxb6 ({White should play} 10. Nxf6+ $14 gxf6 11. Bh6) 10... axb6 $15 11. Nxd4 h6 {[#] Threatens to win with ...Nxd4.} 12. Nxe6 fxe6 13. Bxc6 bxc6 {[%cal Bb7c6,Bc6c5,Bc5b4,Bb4a3][%mdl 32]} 14. Bxf6 Qxf6 {[%csl Gf8][%cal Rf6f2]} 15. O-O Qc3 16. Qd3 Qxd3 17. cxd3 $17 {[%mdl 4096] Endgame KRR-KRR} c5 18. Rfc1 e5 19. Kf1 Ra4 20. Ke2 cxb4 21. Rxc7 bxa3 ({But not} 21... Rxa3 $6 22. Rxa3 bxa3 23. Ra7 $14) 22. Ra2 {[#]} (22. Rc3 $17) 22... b5 $1 $19 {[%cal Bb6b5,Bb5b4][%mdl 32]} 23. f3 Rb8 {aiming for ...b4.} 24. Rc3 b4 25. Rb3 Kf7 26. d4 Rc8 27. Kd3 g5 28. g3 Rc1 29. dxe5 dxe5 {[%cal Bd6e5,Be5f4][%mdl 32]} 30. f4 (30. Kd2 $142 Rc7 31. Ke2) 30... gxf4 31. gxf4 exf4 32. e5 Ke6 33. Ke4 Rc3 34. Rxc3 bxc3+ {Precision: White = 33%, Black = 74%.} 0-1

[Event "29th Czech Open-Rapid 2018"]
[Site "Pardubice"]
[Date "2018.07.18"]
[Round "1"]
[White "Tarun V Kanth"]
[Black "Vusatiuk, Vladimir"]
[Result "1-0"]
[WhiteElo "2086"]
[BlackElo "2321"]
[Annotator "NA"]
[PlyCount "43"]
[EventDate "2018.07.18"]
[EventType "swiss"]
[EventCountry "CZE"]
[SourceTitle "playchess.com"]
[Source "ChessBase"]
[SourceQuality "1"]
[TimeControl "900+10"]

1. d4 {[%emt 0:00:00]} d5 {[%emt 0:00:00]} 2. c4 {[%emt 0:00:00]} dxc4 {[%emt 0:00:00]} 3. Nf3 {[%emt 0:00:00]} Nf6 {[%emt 0:00:00]} 4. e3 {[%emt 0:00:02]} e6 {[%emt 0:00:00]} 5. Bxc4 {[%emt 0:00:02]} a6 {[%emt 0:00:00]} 6. O-O {[%emt 0:00:08]} c5 {[%emt 0:00:00]} 7. Bb3 {[%emt 0:00:15]} b5 {[%emt 0:00:05]} 8. a4 {[%emt 0:00:12]} b4 {[%emt 0:00:01]} 9. Nbd2 {[%emt 0:00:43]} Bb7 {[%emt 0:00:06]} 10. e4 {[%emt 0:00:31]} Nbd7 {[%emt 0:00:37]} 11. e5 {[%emt 0:01:52]} Nd5 {[%emt 0:00:03]} 12. Ne4 {[%emt 0:00:01]} Ne3 {[%emt 0:00:44]} 13. Bxe3 {[%emt 0:01:18]} Bxe4 {[%emt 0:00:02]} 14. d5 {[%emt 0:00:01]} c4 {[%emt 0:06:33]} 15. dxe6 {[%emt 0:03:12]} cxb3 {[%emt 0:00:06]} 16. exf7+ {[%emt 0:00:16]} Kxf7 {[%emt 0:01:01]} 17. Ng5+ {[%emt 0:00:23]} Kg6 {[%emt 0:00:04]} 18. Nxe4 {[%emt 0:00:08]} Nxe5 {[%emt 0:00:03]} 19. Qxb3 {[%emt 0:00:10]} Be7 {[%emt 0:01:39]} 20. f4 {[%emt 0:00:50]} Qd3 {[%emt 0:01:14]} 21. f5+ {[%emt 0:00:09]} Kh5 {[%emt 0:00:04]} 22. Ng3+ {[%emt 0:00:09]} 1-0

[Event "29th Czech Open-Rapid 2018"]
[Site "Pardubice"]
[Date "2018.07.18"]
[Round "1"]
[White "Krouzel, Jaroslav"]
[Black "Geller, Jakov"]
[Result "1/2-1/2"]
[WhiteElo "2079"]
[BlackElo "2518"]
[Annotator "TA"]
[PlyCount "156"]
[EventDate "2018.07.18"]
[EventType "swiss"]
[EventCountry "CZE"]
[SourceTitle "playchess.com"]
[Source "ChessBase"]
[SourceQuality "1"]

{[%evp 17,156,-19,-16,-8,-13,-16,-29,-16,-15,-11,-7,-20,-4,-4,-6,-25,0,0,77,77,80,79,98,95,88,68,67,0,4,-11,-11,-12,-7,-52,-58,-50,-48,-48,-20,-19,-19,-19,-19,-19,-10,-10,-10,-10,-10,-11,0,0,0,0,0,0,0,0,0,0,0,0,0,0,0,0,0,0,0,0,15,0,14,16,18,0,0,0,43,8,40,8,0,0,0,0,0,0,0,0,0,0,0,0,0,0,0,0,0,0,0,0,0,0,0,0,0,0,0,0,0,0,1,0,8,8,8,8,8,8,8,8,8,8,8,8,12,8,8,7,247,247,247,247,254,8,8,8,8,0,8]} 1. d4 d5 2. Nf3 Nf6 3. Bf4 c5 4. e3 Nc6 5. c3 Qb6 6. b3 cxd4 7. exd4 Bg4 8. Be2 e6 {B13: Caro-Kann (Abtausch-Variante 4.c4)} 9. O-O Be7 {LiveBook: 3 Partien} 10. Nbd2 (10. h3 Bh5 11. Nbd2 O-O 12. Be3 Rfd8 13. g4 Bg6 14. Nh4 Rac8 15. Nxg6 hxg6 16. Rc1 {1-0 (32) Vocaturo,D (2596)-Lopez Martinez,J (2583) Barcelona 2017}) 10... O-O 11. Ne5 Bxe2 12. Qxe2 Rac8 13. Rac1 $146 ({Vorgänger:} 13. Ndf3 Qa5 14. Bd2 Ne4 15. Nxc6 Rxc6 16. c4 {½-½ (41) Bischof,R (2018)-Podzielny,K (2482) Recklinghausen 2003}) 13... Ba3 {[#] zielt auf ...Sxd4 ab.} 14. Rb1 a5 15. h3 Rfe8 16. Qf3 Nxe5 17. dxe5 Ne4 (17... Nd7 $11) 18. Nxe4 $16 dxe4 19. Qxe4 Red8 20. Bg5 Rd5 21. Be3 Qc7 22. Bd4 (22. Qa4 $14 Bc5 23. c4) 22... Bc5 $11 23. Rb2 Bxd4 24. cxd4 Qc3 25. Re2 Qxd4 26. Qxd4 Rxd4 $15 {[%mdl 4096] Endspiel KTT-KTT} 27. f4 g6 28. Rff2 h5 29. h4 Kf8 30. Rd2 Rcd8 31. Rxd4 Rxd4 $11 {KT-KT} 32. Kh2 Ke7 33. Kg3 Kd7 34. Rc2 a4 35. Rc3 b5 36. bxa4 bxa4 37. Kf3 Rb4 38. g3 Rb2 39. Ra3 Rb4 40. Rc3 Ke7 41. Rc7+ Kf8 {Droht stark ...Tb2.} 42. Rc3 Kg7 43. Rd3 Rb7 44. Ra3 Ra7 45. Rc3 f6 46. exf6+ Kxf6 47. Rc4 a3 48. Rc3 Ra4 49. Rb3 Ra5 50. Re3 Kf5 51. Rb3 e5 52. fxe5 Kxe5 53. Ke3 Kf5 54. Kf3 g5 55. hxg5 Kxg5 56. Rc3 Kf6 57. Re3 Kf5 58. Re8 Rc5 59. Re3 Ra5 60. Re8 Ra7 61. Re3 Kg5 62. Re5+ Kg6 63. Re6+ Kf5 64. Re3 Ra6 65. Re8 Rf6 66. Ra8 Kg5+ 67. Kg2 Rc6 68. Rxa3 Rc2+ 69. Kh3 Rb2 70. Ra5+ Kg6 71. a4 {Schwarz muss nun Ta8 beachten.} Ra2 72. Ra6+ Kf5 73. Ra8 {a5 ist eine echte Drohung.} Kg5 $2 (73... Kg6 $11 {und Schwarz ist OK.}) 74. a5 $18 Kf5 75. a6 Kg6 {[#]} 76. a7 $2 ({Der einzige Zug:} 76. g4 $1 $18) 76... Kg7 $11 {Die Stellung ist ausgeglichen.} 77. Kh4 Ra5 $1 78. Kh3 {Und weiter mit Kg2 wäre nett.} Ra2 $1 {Precision: Weiß = 73%, Schwarz = 66%.} 1/2-1/2

[Event "29th Czech Open-Rapid 2018"]
[Site "Pardubice"]
[Date "2018.07.18"]
[Round "1"]
[White "Pacl, Vaclav"]
[Black "Zpevak, Pavel"]
[Result "0-1"]
[WhiteElo "2070"]
[BlackElo "2330"]
[Annotator "TA"]
[PlyCount "34"]
[EventDate "2018.07.18"]
[EventType "swiss"]
[EventCountry "CZE"]
[SourceTitle "playchess.com"]
[Source "ChessBase"]
[SourceQuality "1"]

{[%evp 15,34,25,46,0,0,0,1,0,0,-8,32,9,20,-15,29,-68,-63,-87,-93,-219,-205]} 1. Nf3 Nf6 2. e3 d5 3. c4 c6 4. Nc3 g6 5. d4 Bg7 6. Be2 O-O 7. O-O a6 8. a4 Bg4 {LiveBook: 30 Games. D94: Grünfeld: 4 Nf3 Bg7 5 e3} (8... a5 9. cxd5 cxd5 10. b3 Bg4 11. Ne1 Bxe2 12. Qxe2 Qb6 13. Nb5 {½-½ (13) Khalifman,A (2614)-Kamsky,G (2677) Moscow 2018}) 9. Ne5 Bxe2 10. Qxe2 Nbd7 {The position is equal.} 11. Rd1 $146 ({Predecessor:} 11. f4 e6 12. c5 a5 13. Rb1 Ne4 14. Nxe4 dxe4 {1-0 (34) Pudmensky,S (1853)-Heil,R (1722) Ditzingen 2012}) 11... e6 12. f4 Qc7 13. a5 Rac8 14. b3 Rfe8 15. Ba3 (15. b4 $11) 15... Qxa5 $15 16. b4 Qc7 17. b5 (17. e4 $17) 17... cxb5 {Precision: White = 16%, Black = 38%.} 0-1

[Event "29th Czech Open-Rapid 2018"]
[Site "Pardubice"]
[Date "2018.07.18"]
[Round "1"]
[White "Michelle Catherina, P."]
[Black "BIOLEK-JUN., RICHARD"]
[Result "1-0"]
[WhiteElo "2069"]
[BlackElo "2364"]
[Annotator "TA"]
[PlyCount "91"]
[EventDate "2018.07.18"]
[EventType "swiss"]
[EventCountry "CZE"]
[SourceTitle "playchess.com"]
[Source "ChessBase"]
[SourceQuality "1"]

{[%evp 16,91,6,-8,-15,-25,-25,-38,-41,-53,-51,-72,-15,-53,-65,-52,-4,-4,-4,-12,-4,-4,-4,-4,-6,-10,0,0,0,0,16,0,0,0,11,8,11,6,10,15,28,0,33,45,14,0,218,226,422,451,383,369,387,373,383,398,431,392,416,370,385,349,542,524,511,512,494,363,333,126,418,349,1835,1825,1717,1526,1535,1388]} 1. c4 Nc6 2. Nc3 Nf6 3. g3 e5 4. Bg2 g6 5. e3 Bg7 6. Nge2 O-O 7. O-O d6 8. h3 {A25: Englische Eröffnung (Sizilianisch im Anzug)} (8. d3 Be6 9. Nd5 Qd7 10. Rb1 Bh3 11. b4 Bxg2 12. Kxg2 Ne7 13. Nxf6+ Bxf6 14. e4 Bg7 15. b5 f5 16. f3 b6 17. Bg5 Bf6 18. Be3 a5 {1-0 (46) Wang,H (2739)-Tomashevsky,E (2733) St Petersburg 2012}) 8... Be6 9. d3 {LiveBook: 4 Partien} Qd7 10. Kh2 {Die Stellung ist ausgeglichen.} d5 11. cxd5 Nxd5 12. Ne4 Qe7 13. d4 $146 ({Vorgänger:} 13. a3 f5 14. N4c3 Rad8 15. Nxd5 Bxd5 16. Bxd5+ Rxd5 {0-1 (47) Zalimaite,I (1921)-Cernavina,K (1749) Nemencine 2011}) 13... exd4 ({Günstiger ist} 13... Rad8 $17) 14. Nxd4 Nxd4 15. exd4 Rad8 16. Bg5 f6 17. Bd2 b6 18. Re1 Qd7 19. Rc1 Bf7 20. Qc2 Rfe8 21. a3 Qf5 22. b4 {[%cal Bb2b4,Bb4b5][%mdl 32]} Re7 23. b5 Rde8 24. a4 h5 25. h4 Qd7 26. Qd3 Kh7 27. Bh3 Qd8 28. Bg2 Be6 29. Nc3 {Schwarz muss nun Txe6! beachten.} Nb4 30. Qb1 $36 {[%mdl 2048] Weiss kämpft um Vorteil.} Nd5 $2 {[#]} (30... Qxd4 $11 {und Schwarz steht sicher.} 31. Be3 Qg4) 31. Be4 $1 $18 Bf7 $2 (31... f5) 32. Nxd5 Rxe4 33. Rxe4 Bxd5 34. Rxe8 Qxe8 35. Rxc7 Qe2 36. Be3 Qf3 {[%csl Gd5][%cal Rf3g2]} 37. Qg1 Bb7 38. Rd7 Kh8 {[#]} (38... Kg8 $142 39. Bf4 Bd5) 39. d5 $1 Bxd5 40. Rxa7 f5 41. a5 bxa5 42. Rxa5 $2 (42. b6 $18 {ist der präzise Gewinnweg.}) 42... Bc3 $2 {[%mdl 8192]} (42... g5 $16) 43. Ra3 Bb2 $2 {[#]} (43... Be5 44. Ra4 Kh7) 44. Bd4+ $1 {[%mdl 512] Weiß steht klar auf Gewinn.} Bxd4 45. Rxf3 Bxf3 46. Qe1 {Precision: Weiß = 65%, Schwarz = 37%.} 1-0

[Event "29th Czech Open-Rapid 2018"]
[Site "Pardubice"]
[Date "2018.07.18"]
[Round "1"]
[White "Zdrazil, Tomas"]
[Black "Piscopo, Pierluigi"]
[Result "*"]
[WhiteElo "2065"]
[BlackElo "2389"]
[Annotator "NA"]
[PlyCount "49"]
[EventDate "2018.07.18"]
[EventType "swiss"]
[EventCountry "CZE"]
[SourceTitle "playchess.com"]
[Source "ChessBase"]
[SourceQuality "1"]
[TimeControl "900+10"]

1. e4 {[%emt 0:00:00]} c5 {[%emt 0:00:00]} 2. Nf3 {[%emt 0:00:00]} e6 {[%emt 0:00:00]} 3. d4 {[%emt 0:00:00]} cxd4 {[%emt 0:00:00]} 4. Nxd4 {[%emt 0:00:00]} a6 {[%emt 0:00:00]} 5. Nc3 {[%emt 0:00:03]} b5 {[%emt 0:00:02]} 6. Bd3 {[%emt 0:02:30]} Qb6 {[%emt 0:00:03]} 7. Nb3 {[%emt 0:00:36]} Qc7 {[%emt 0:00:11]} 8. O-O {[%emt 0:00:39]} Nf6 {[%emt 0:01:56]} 9. f4 {[%emt 0:02:27]} Bb7 {[%emt 0:00:18]} 10. e5 {[%emt 0:00:56]} b4 {[%emt 0:00:04]} 11. exf6 {[%emt 0:00:59]} bxc3 {[%emt 0:00:08]} 12. Qe2 {[%emt 0:03:52]} gxf6 {[%emt 0:01:40]} 13. bxc3 {[%emt 0:00:09]} Nc6 {[%emt 0:03:23]} 14. Rb1 {[%emt 0:00:36]} Ne7 {[%emt 0:01:12]} 15. c4 {[%emt 0:00:59]} f5 {[%emt 0:01:51]} 16. Bd2 {[%emt 0:00:18]} Rg8 {[%emt 0:00:07]} 17. Rf2 {[%emt 0:00:04]} Rc8 {[%emt 0:00:52]} 18. Ba5 {[%emt 0:01:02]} Qd6 {[%emt 0:00:05]} 19. Bc3 {[%emt 0:01:11]} Ng6 {[%emt 0:00:12]} 20. Be5 {[%emt 0:01:27]} Nxe5 {[%emt 0:00:10]} 21. fxe5 {[%emt 0:00:01]} Qb6 {[%emt 0:00:09]} 22. c5 {[%emt 0:00:11]} Rxc5 {[%emt 0:00:44]} 23. Nd2 {[%emt 0:00:08]} Qa7 {[%emt 0:01:29]} 24. Kf1 {[%emt 0:00:09]} Rc7 {[%emt 0:00:13]} 25. Nb3 {[%emt 0:00:18]} *